000 00599nam a2200193Ii 4500
003 JO-AjNU
008 230605s9999||||xx |||||||||||||| ||und||
040 _aJO-AjNU
_bara
_erda
_cJO-AjNU
041 _aara
050 1 4 _aRC454 1961
100 3 _aجونز ، مكسويل,
_eauthor
_916848
245 0 0 _aالطب النفسي الاجتماعي
264 3 1 _aالقاهرة:دار المعارف ، 1961
300 _a196ص
336 _atext
_btxt
_2rdacontent
337 _aunmediated
_bn
_2rdamedia
338 _avolume
_bnc
_2rdacarrier
650 4 _aعلن النفس الاجتماعي
_916849
999 _aA5084
_c8652
_d8652